Gminy powiatu bialskiego od A-Z - Statystyki

Ogólne statystyki
  • Ten quiz został rozwiązany 8 razy
  • Średni wynik to 12 z 13
Statystyki odpowiedzi
Gmina % Poprawnych
B Biała Podlaska
100%
J Janów Podlaski
100%
M Międzyrzec Podlaski
100%
T Terespol / Tuczna
100%
D Drelów
86%
K Kodeń / Konstantynów
86%
Ł Łomazy
86%
P Piszczac
86%
R Rokitno / Rossosz
86%
S Sławatycze / Sosnówka
86%
W Wisznice
86%
Z Zalesie
86%
L Leśna Podlaska
71%
Nie znaleziono quizów pasujących do podanych kryteriów
Rozkład punktacji
Procent ludzi z każdym wynikiem
Percentyl według liczby udzielonych odpowiedzi
Twoja historia wyników
Nie rozwiązałeś tego quizu